LEADER 00921nam a2200205 i 4500 001 000000213414 003 CaOOAMICUS 005 20230424101738.0 008 120522s1740 fr u000 u fre u 026 $a9.n- t.is a.m. l'(a (3) 1740 (R) 040 $aSeMil$bita 100 1 $aBanier, Antoine,$d<1673-1741>.$0(OLS)http://semarc/name/12139 245 10$aTome 6. 300 $a[8], 472 p., [2] carte di tav. ripieg. :$bill. 500 $aSegn.: a4 A-T12 V2 773 0 $aBanier, Antoine <1673-1741>$tMythologie et les fables expliquées par l'histoire. Par M. l'abbé Banier, de l'Académie des inscriptions & belles-lettres. Tome 1. [-8.].$dA Paris : Chez Briasson, Libraire, ruë S. Jacques, à la Science, 1738-1740.$g6$w()26797 850 $aSeMil 852 $aSeMil$W1$xVenegono$y1$m1Z III 148 FA$j163844$B163844$CSeMilBibl$Z2$F174908 $8I 996 $6245$aTome 6$9(OLS)http://semarc/title/1601 LEADER 00804nam a2200193 4500 001 000000348328 003 CaOOAMICUS 005 20211123125248.0 008 211103s1967 it a 000 u ita r 040 $aSeMil$bita 245 10$a1: A-L. 264 1$aMilano :$bSelezione dal Reader's Digest,$c1967. 300 $a1519 p., [18] carte di tav. :$bill. ;$c29 cm 773 0 $aDevoto, Giacomo <1897-1974>$tVocabolario illustrato della lingua italiana.$dMilano : Selezione dal Reader's Digest, 1967.$g1$w()348327 850 $aSeMil 852 $aSeMil$W1$xVenegono$y1$m1P VI 11/1$j269399$B239392$CSeMilBibl$Z2$F239392 $81 996 $6245$a1: A-L$9(OLS)http://semarc/title/83312 996 $6264$aMilano :$bSelezione dal Reader's Digest$9(OLS)http://semarc/publisher/31157